000 00508nam a2200169Ia 4500
999 _c14932
_d14932
003 OSt
005 20201207154850.0
008 190216s9999||||xx |||||||||||||| ||und||
040 _coclc
082 _a894.8124
_bGOP/D
100 _aGopalan, Manjoor
_97062
245 0 _aDalitvimochanam: Chila Margha Reghakal /
_cManjoor Gopalan
260 _bSurabhi Publication,
_c2007.
_aKottayam:
300 _a187p
650 _aMalayalam
942 _cBK
_2ddc
_h894.8124
_iGOP/D
_k894.8124
_mGOP/D